Legal aspects of lease renewals and rent reviews (Record no. 98041)

MARC details
000 -LEADER
fixed length control field 00656cam a2200193 4500
001 - CONTROL NUMBER
control field D7869
008 - FIXED-LENGTH DATA ELEMENTS--GENERAL INFORMATION
fixed length control field 090401t1980 xxu||||| |||| 00| 0 eng d
035 ## - SYSTEM CONTROL NUMBER
System control number (Sirsi) u94442
041 ## - LANGUAGE CODE
Language code of text/sound track or separate title eng
050 ## - LIBRARY OF CONGRESS CALL NUMBER
Classification number 346.4104343
100 ## - MAIN ENTRY--PERSONAL NAME
Personal name Phillips, John M
245 ## - TITLE STATEMENT
Title Legal aspects of lease renewals and rent reviews
260 ## - PUBLICATION, DISTRIBUTION, ETC.
Place of publication, distribution, etc. West Midlands Branch
Name of publisher, distributor, etc. RICS
Date of publication, distribution, etc. 1980
300 ## - PHYSICAL DESCRIPTION
Extent 43. 4p. 30cm
350 ## - PRICE (NR) (BK AM CF MU VM SE) [OBSOLETE]
Price 0
520 ## - SUMMARY, ETC.
Summary, etc. Filed in box RICS 1980/116A (Archives only). Paper given at: continuing professional development seminar held at University of Aston in Birmingham, 30 September 1980, by RICS West Midlands Branch
942 ## - ADDED ENTRY ELEMENTS (KOHA)
Suppress in OPAC 0
948 ## - LOCAL PROCESSING INFORMATION (OCLC); SERIES PART DESIGNATOR (RLIN)
c (OCLC) 04/03/1997
Holdings
Withdrawn status Lost status Source of classification or shelving scheme Damaged status Not for loan Home library Current library Shelving location Date acquired Total Checkouts Full call number Barcode Date last seen Copy number Price effective from Koha item type
    Other/Generic Classification Scheme     London London RICS Boxes 21/05/2001   RICS 1980/116 94442-1001 06/08/2019 1 06/08/2019 Reference material